000 01479nam a2200301 i 4500
001 114840
003 ES-MaACL
005 20240422105729.0
007 t|
008 070403m19571985sp |||| | spa d
020 _a84-249-3430-X
080 _a821.134.2-146.2(082.2)
245 0 0 _aRomancero tradicional de las lenguas hispánicas
_b: (español-portugués-catalán-sefardí) /
_ccolección de textos y notas de María Goyri y Ramón Menéndez Pidal.
260 _aMadrid :
_bGredos,
_c1957-[1985]
300 _av. <12> :
_bmús. ;
_c25 cm.
505 8 _a1. Romanceros del Rey Rodrigo y de Bernardo del Carpio -- 2. Romanceros de los Condes de Castilla y del Infantes de Lara -- 3-5. Romances de tema odiséico -- 6-8. Gerineldo, el paje y la infanta -- 9. Romancero rústico --10-11. La dama y el pastor --12. La muerte ocultada /
_redición y estudio de B. Mariscal de Rhett (1984-1985)
594 _aEn port.: Seminario Menéndez Pidal. Universidad Complutense de Madrid.
650 1 4 _aRomances-
_zEspaña.
_916935
700 1 _aGoyri de Menéndez Pidal, María.
_959416
700 1 _aMenéndez Pidal, Ramón,
_d1869-1968
_980315
700 1 _aMariscal de Rhett, Beatriz.
_976893
700 1 _aCatalán, Diego.
_937019
700 1 _aSánchez Romeralo, Antonio.
_9102898
700 0 _aLapesa, Rafael,
_d1908-2001
_970146
710 2 _aUniversidad Complutense de Madrid.
_bSeminario Menéndez Pidal.
_97134
852 _aES-MaACL
_jP-405
999 _c114840
_d114840